LEADER 00753nam0-22002891i-450- 001 990002567600403321 010 $a047104766x 035 $a000256760 035 $aFED01000256760 035 $a(Aleph)000256760FED01 035 $a000256760 100 $a20000920d1980----km-y0itay50------ba 101 0 $aENG 200 1 $aApplied combinatorics$fA. Tucher. 210 $aNew York$cJohn Wiley$d1980. 215 $ax, 381 p.$d23 cm 610 0 $aTeoria dei grafi, Combinatorica 676 $a511 700 1$aTucker,$bAlan$051003 801 0$aIT$bUNINA$gRICA$2UNIMARC 901 $aBK 912 $a990002567600403321 952 $aMXXII-A-29$b3528$fMAS 959 $aMAS 996 $aApplied combinatorics$9336494 997 $aUNINA DB $aING01 LEADER 01385nam a2200361 i 4500 001 991001281239707536 005 20020507190554.0 008 951115s1983 de ||| | eng 020 $a354011985X 035 $ab10825769-39ule_inst 035 $aLE01309870$9ExL 040 $aDip.to Matematica$beng 082 0 $a510 082 0 $a512.55 084 $aAMS 46-06 084 $aAMS 46-XX 084 $aAMS 46H 100 1 $aBachar, John M.$041070 245 10$aRadical Banach algebras and automatic continuity :$bproceedings of a conference held at California State University, Long Beach, July 17-31, 1981 /$cedited by J. M. Bachar ... [et al.] 260 $aBerlin :$bSpringer-Verlag,$c1983 300 $avii, 470 p. :$bill. ;$c25 cm. 490 0 $aLecture notes in mathematics,$x0075-8434 ;$v975 500 $aIncludes bibliographical references 650 0$aBanach algebras$xCongresses 650 4$aContinuity$xCongresses 650 4$aFunctional analysis$xCongresses 650 4$aLinear operators$xCongresses 907 $a.b10825769$b23-02-17$c28-06-02 912 $a991001281239707536 945 $aLE013 46-XX BAC11 (1983)$g1$i2013000039770$lle013$o-$pE0.00$q-$rl$s- $t0$u0$v0$w0$x0$y.i10933621$z28-06-02 996 $aRadical Banach algebras and automatic continuity$9924660 997 $aUNISALENTO 998 $ale013$b01-01-95$cm$da $e-$feng$gde $h0$i1